| 000 | 00356cam a2200145ua 4500 | ||
|---|---|---|---|
| 041 |
_aeng _h |
||
| 082 |
_a824 _bRUS/HA |
||
| 100 | _aRussel, Bertrant . | ||
| 245 |
_aHas man a Future / _cBertrant Russell. _hTextual Documents |
||
| 260 |
_a : _bGeorge Allen & Unwin Ltd , _c1961. |
||
| 300 | _a136 ; . | ||
| 504 | _a | ||
| 942 | _cBK | ||
| 999 |
_c3085 _d3085 |
||